|
|
|
|
| LEADER |
01524nam a2200325I 4500 |
| 001 |
EBC3117790 |
| 003 |
MiAaPQ |
| 005 |
20200520144314.0 |
| 006 |
m o d | |
| 007 |
cr cn||||||||| |
| 008 |
711029r20011880onc s 000 0 eng |
| 020 |
|
|
|z 52720603
|
| 035 |
|
|
|a (MiAaPQ)EBC3117790
|
| 035 |
|
|
|a (Au-PeEL)EBL3117790
|
| 035 |
|
|
|a (CaPaEBR)ebr10014730
|
| 035 |
|
|
|a (OCoLC)842972698
|
| 040 |
|
|
|a MiAaPQ
|c MiAaPQ
|d MiAaPQ
|
| 050 |
|
4 |
|a HB163
|b .S26 2001
|
| 100 |
1 |
|
|a Say, Jean Baptiste,
|d 1767-1832.
|
| 245 |
1 |
2 |
|a A treatise on political economy
|h [electronic resource] :
|b or, The production, distribution & consumption of wealth /
|c by J.-B. Say.
|
| 260 |
|
|
|a Kitchener, Canada :
|b Batoche,
|c 2001.
|
| 300 |
|
|
|a 269 p.
|
| 500 |
|
|
|a With reproduction of t.p. of 1880 ed. which was translated from the 4th ed. of the French, by C. R. Princep, with notes by the translator, a New American ed. containing a translation of the introd. and additional notes by Clement C. Biddle, published in Philadelphia by Claxton, Remsen & Haggelfinger.
|
| 533 |
|
|
|a Electronic reproduction. Ann Arbor, MI : ProQuest, 2015. Available via World Wide Web. Access may be limited to ProQuest affiliated libraries.
|
| 650 |
|
0 |
|a Economics.
|
| 655 |
|
4 |
|a Electronic books.
|
| 700 |
1 |
|
|a Prinsep, C. R.
|q (Charles Robert),
|d 1789-1864.
|
| 700 |
1 |
|
|a Biddle, Clement C.
|q (Clement Cornell),
|d 1784-1855.
|
| 710 |
2 |
|
|a ProQuest (Firm)
|
| 856 |
4 |
0 |
|u https://ebookcentral.proquest.com/lib/matrademy/detail.action?docID=3117790
|z Click to View
|